The secret lives of Baba Segi's wives / (Record no. 30618)

000 -LEADER
fixed length control field 00426nam a22001337a 4500
008 - FIXED-LENGTH DATA ELEMENTS--GENERAL INFORMATION
fixed length control field 191203b ||||| |||| 00| 0 eng d
020 ## - INTERNATIONAL STANDARD BOOK NUMBER
International Standard Book Number 9781846687495
050 ## - LIBRARY OF CONGRESS CALL NUMBER
Classification number PR 9387.9 .S56 2010
100 ## - MAIN ENTRY--PERSONAL NAME
Personal name Shoneyin, Lola
245 ## - TITLE STATEMENT
Title The secret lives of Baba Segi's wives /
Statement of responsibility, etc. Lola Sheneyin
260 ## - PUBLICATION, DISTRIBUTION, ETC. (IMPRINT)
Place of publication, distribution, etc. London :
Name of publisher, distributor, etc. Serpent's Tall,
Date of publication, distribution, etc. 2010.
300 ## - PHYSICAL DESCRIPTION
Extent 245p. ;
Dimensions 20 cm.
942 ## - ADDED ENTRY ELEMENTS (KOHA)
Source of classification or shelving scheme
Koha item type Hard Covered Materials
Classification part PR 9387.9 .S56 2010
Holdings
Withdrawn status Lost status Source of classification or shelving scheme Damaged status Not for loan Home library Current library Shelving location Date acquired Source of acquisition Total Checkouts Full call number Barcode Date last seen Date last checked out Price effective from Koha item type
          MACHAKOS UNIVERSITY LIBRARY MACHAKOS UNIVERSITY LIBRARY Africana 03/12/2019 Purchase - Corporate Campus 1 PR 9387.9 .S56 2010 23180 14/02/2020 14/02/2020 03/12/2019 Africana (Books)
          MACHAKOS UNIVERSITY LIBRARY MACHAKOS UNIVERSITY LIBRARY Africana 03/12/2019 Purchase - Corporate Campus 2 PR 9387.9 .S56 2010 23181 10/01/2020 10/01/2020 03/12/2019 Africana (Books)
© Machakos University Library, Along The Highway, Machakos Wote Rd, Machakos, Kenya P.O. Box 136 - 90100 Machakos - Kenya

Tel: ( +254 ) 723 805829 OR Fax : 044-20353 OR Email: library@mksu.ac.ke